Statistics for Cities in the UK with more than 100,000 inhabitants

Click here to take the quiz!

General Stats

  • This quiz has been taken 31 times
  • The average score is 16 of 20

Answer Stats

Hint
Answer% Correct
2.Birmingham
100%
6.Liverpool
100%
1.London
100%
4.Glasgow
97%
12.Belfast
90%
9.Bristol
90%
10.Edinburgh
90%
5.Leeds
90%
11.Cardiff
87%
7.Newcastle upon Tyne
87%
14.Nottingham
87%
8.Sheffield
87%
3.Manchester
84%
13.Leicester
74%
17.Aberdeen
68%
19.Brighton and Hove
68%
15.Coventry
65%
18.Bradford
58%
20.Kingston upon Hull
45%
16.Sunderland
45%

Score Distribution

Percentile by Number Answered

Percent of People with Each Score

Your Score History

You have not taken this quiz